Aquatic Chemistry problems (Бичлэгийн дугаар. 146176)
| 000 -УДИРДЛАГА | |
|---|---|
| Удирдлага | 00701nam a22002417a 4500 |
| 003 - ХЯНАЛТЫН ТОО ТОДОРХОЙЛОГЧ | |
| Код | MN-UlNUM |
| 005 - БИЧИЛТ ХИЙСЭН ОГНОО | |
| Тухайн бичилтийг бичсэн засварласан сүүлийн огноо | 20260113131217.0 |
| 008 - ЕРӨНХИЙ МЭДЭЭЛЭЛ | |
| Ерөнхий мэдээлэл | 260113s1992 nyu||||| |||| 00| 0 eng | |
| 020 ## - ISBN | |
| ISBN | 0962745235 |
| 040 ## - БИЧЛЭГ ҮҮСГЭГЧ БАЙГУУЛЛАГА | |
| Бичлэг үүсгэгч номын сангийн код | МУИС-ийн номын сан |
| 084 ## - ББК АНГИЛАЛ | |
| Нэмэлт тусгалт | Бусад |
| ББК ангилал | 26.22 |
| Зохиогчийн гурван тэмдэгт | P 21 |
| Мэдлэгийн ялгаа | 2 - Байгалийн шинжлэл |
| 100 1# - ЗОХИОГЧ | |
| Зохиогчийн нэр | Pankow F. James |
| 245 10 - ҮНДСЭН ГАРЧИГ | |
| Номын нэр | Aquatic Chemistry problems |
| 260 ## - ГАРАЛТЫН МЭДЭЭ | |
| Хэвлэгдсэн газар | New York : |
| Хэвлэлийн газар | Titan press, |
| Хэвлэгдсэн он | 1992 |
| 500 ## - Тайлбар | |
| Дансны дугаар | БС 4966 |
| 546 ## - ХЭЛНИЙ ТУХАЙ МЭДЭЭ | |
| Хэл | Англи хэл дээр, |
| 740 ## - НОМЫН ГАРЧИГ | |
| Гарчиг | Overview |
| 740 ## - НОМЫН ГАРЧИГ | |
| Гарчиг | Thermodynamic Principles |
| 740 ## - НОМЫН ГАРЧИГ | |
| Гарчиг | As an Important and Meaningful Thermodynamic Variable in Aquativ Chemistry |
| 740 ## - НОМЫН ГАРЧИГ | |
| Гарчиг | The proton Balance, Electroneutrality, and Mass Balance Equations |
| 942 ## - ЭЛЕМЕНТИЙН ТӨРӨЛ | |
| Зүйлийн төрөл | Ном |
